000 00754cam a22002533a 4500
001 8872
003 PGUSA
005 20140828083205.0
008 050901s2005||||xxu|||||s|||||000 | eng d
040 _aPGUSA
_beng
042 _adc
050 4 _aE660
100 1 _aSchurz, Carl,
_d1829-1906
245 1 0 _aReport on the Condition of the South
_h[electronic resource] /
_cCarl Schurz
260 _bProject Gutenberg,
_c2005
506 _aPublic domain in the USA.
516 _aElectronic text
653 _aReconstruction (U.S. history, 1865-1877)
653 _aFreedmen
653 _aSouthern States -- Politics and government -- 1865-1950
830 0 _aProject Gutenberg
_v8872
856 4 0 _uhttp://www.gutenberg.org/ebooks/8872
942 _cEB
999 _c238156
_d238156